Logo BPK

Bibliografia Prac Pracowników

Politechniki Koszalińskiej

Biogaz - alternatywne źródło energii / (Rekord nr 229)

Szczegóły MARC
000 -ETYKIETA REKORDU
podpole kontrolne o stałej długości 01100naa a2200253 i 4500
001 - NUMER KONTROLNY REKORDU
podpole kontrolne BPP
003 - IDENTYFIKATOR NUMERU KONTROLNEGO REKORDU
podpole kontrolne BPK
005 - DATA OSTATNIEJ MODYFIKACJI REKORDU
podpole kontrolne 20180321113453.0
008 - POLE O STAŁEJ DŁUGOŚCI - DANE KONTROLNE
podpole kontrolne o stałej długości 141219s1996 pl f |100 0oeng
040 ## - ŹRÓDŁO KATALOGOWANIA
Instytucja, która utworzyła rekord BPK
041 ## - KOD JĘZYKA
Kod języka tekstu eng
044 ## - KOD KRAJU WYDAWCY/PRODUCENTA
Kod kraju wydawcy/producenta POL
080 ## - UNIWERSALNA KLASYFIKACJA DZIESIĘTNA - UKD
UKD 662.76
100 ## - NAZWA OSOBOWA
Nazwa osobowa ŻUCHOWICKI, Antoni Waldemar.
Lata pracy 1996 - .
Instytucja Politechnika Koszalińska - Wydział Budownictwa i Inżynierii Środowiska,
Wydział Katedra Sieci i Instalacji Sanitarnych
245 ## - TYTUŁ/ODPOWIEDZIALNOŚĆ
Tytuł Biogaz - alternatywne źródło energii /
Pozostałe elementy strefy tytułu i oznaczenia odpowiedzialności Waldemar Żuchowicki, Wanda Twardowska, Krzysztof Rajewicz.
260 ## - STREFA ADRESU WYDAWNICZEGO
Data publikacji, dystrybucji/powstania dokumentu 1996.
500 ## - UWAGI OGÓLNE
Tekst uwagi Dane z bibliografii załącznikowej.
650 #0 - HASŁO PRZEDMIOTOWE W FORMIE NAZWY OGÓLNEJ LUB JEDNOSTKOWEJ
Nazwa ogólna lub geograficzna Biogaz.
655 #0 - TERMIN INDEKSOWY - OKREŚLENIE RODZAJU/FORMY DOKUMENTU
Określnie rodzaju/formy dokumentu Materiały konferencyjne.
700 ## - HASŁO DODATKOWE - NAZWA OSOBOWA
Nazwa osobowa TWARDOWSKA, Wanda.
Lata pracy 1996 - 1999.
Instytucja Politechnika Koszalińska - Wydział Budownictwa i Inżynierii Środowiska,
Wydział Katedra Sieci i Instalacji Sanitarnych
711 ## - HASŁO DODATKOWE - NAZWA IMPREZY
Nazwa imprezy International Conference Contemporary Problems of Gas Engineering
Data imprezy (1996 ;
Miejsce imprezy Kołobrzeg, Polska).
773 ## - TYTUŁ DOKUMENTU MACIERZYSTEGO
Wyrażenie wprowadzające W :
Tytuł Proc., Contemporary Problems of Gas Engineering. -
Informacje dotyczące relacji 1996, s. 205-214
942 ## - HASŁO DODATKOWE - ELEMENTY(KOHA)
Typ dokumentu Artykuł
Schemat klasyfikacji Uniwersalna klasyfikacja dziesiętna

Brak dostępnych egzemplarzy.

© 2014 Biblioteka Politechniki Koszalińskiej :: BIBLIOGRAFIA PRAC PRACOWNIKÓW